| 000 | 00417nam a2200157Ia 4500 | ||
|---|---|---|---|
| 008 | 240126s9999 xx 000 0 und d | ||
| 041 | _aEnglish | ||
| 082 | _aLIBRARY-XIX | ||
| 245 | 0 | _aData Quest (1999 - | |
| 260 |
_bCyber Media (India) Ltd _aNew Delhi |
||
| 440 | _aNULL | ||
| 520 | _aOn-Line: http://www.dqindia.com | ||
| 650 | _aComputer Science | ||
| 650 | _aQuest,(1999,-,Computer Science | ||
| 942 | _cJN | ||
| 999 |
_c269625 _d269625 |
||